El contrato estimatorio: desde el derecho romano a su regulación actual

Збережено в:
Бібліографічні деталі
Автор: Alemán Monterreal, Ana (Автор)
Формат: Книга
Мова:Іспанська
Опубліковано: Madrid Dykinson 2002
Предмети:
Теги: Додати тег
Немає тегів, Будьте першим, хто поставить тег для цього запису!

MARC

LEADER 00000nam a2200000 a 4500
001 UCL3236
003 CL-VaPUC
008 031114e20020000SP |||||||||||||||||spa|d
020 |a 8481559105 
082 0 4 |a 340.54  |b ALE  |2 21 
100 0 |a Alemán Monterreal, Ana  |e author  |9 480526 
245 1 3 |a El contrato estimatorio: desde el derecho romano a su regulación actual 
300 |a 123 p 
942 |c BK 
945 |d 20031114 00:00:00  |a cmena 
260 |a Madrid  |b Dykinson  |c 2002 
650 0 |a Derecho romano  |9 255930 
650 0 |a Fuentes del derecho   |9 255162 
650 0 |a Contratos  |9 255153 
650 0 |a Derecho comercial   |9 256340 
650 0 |a Obligaciones contractuales  |9 386117 
583 |a last modification  |c 20031114 00:00:00  |k Rodrigo Vera 
999 |c 306351  |d 306349 
952 |0 0  |1 0  |4 0  |6 340_540000000000000_ALE_2002  |7 0  |8 DER_ROM  |9 371302  |a BIBDER  |b BIBDER  |d 2019-11-21  |i 3965988  |l 1  |o 340.54 ALE 2002  |p 3965988  |r 2023-01-25  |s 2020-03-16  |w 2019-11-21  |x Ubicación 4to piso  |y BK  |z Este recurso debe solicitarse con anticipación  |k DER